000 00478nam a22001697a 4500
005 20240411125152.0
008 240411b |||||||| |||| 00| 0 eng d
022 _a0702156027
041 _aEnglish
082 _a349 IND
100 _lEnglish
245 _aIndustrial Law Journal /
_cVosloo, C
260 _aCape Town:
_bJuta and Company Ltd,
_c2002
300 _b814 pages ;
_c25 cm.
650 _aLegal practice
_bLaw
942 _cBK
_6ALISON_BN_VRIES
999 _c1508
_d1508